|
|
|
|
| LEADER |
01180nam a2200265 a 4500 |
| 001 |
GR-Patra21804 |
| 008 |
070605s2006 gr g b 000 0 eng d |
| 040 |
|
|
|a GrPaTEI
|b gre
|c GR-PaULI
|
| 040 |
|
|
|a GrPaTEI
|b gre
|c GR-PaULI
|
| 082 |
|
0 |
|a 616
|2 21
|
| 245 |
0 |
0 |
|a Preventive medicine in the 21st century :
|b (2005 June 2-3 : Athens): Medical conference proceedings ; Sharon Kleefield ; Kostis Georgilis.
|
| 260 |
|
|
|a Athens :
|b Διαγνωστικό & θεραπευτικό κέντρο Υγεία,
|c 2006
|
| 300 |
|
|
|a 172 σ. :
|b εικ.
|
| 504 |
|
|
|a Περιλαμβάνει βιβλιογραφικές παραπομπές.
|
| 650 |
|
0 |
|a CANCER
|
| 650 |
|
4 |
|a ΑΣΘΕΝΕΙΕΣ
|
| 650 |
|
4 |
|a ΙΑΤΡΙΚΗ
|
| 650 |
|
4 |
|a ΚΑΡΚΙΝΟΣ
|
| 700 |
1 |
|
|a Georgilis, Kostis
|
| 700 |
1 |
|
|a Kleefield, Sharon
|
| 710 |
0 |
|
|a Διαγνωστικό & θεραπευτικό κέντρο Αθηνών Υγεία
|
| 942 |
|
|
|2 ddc
|
| 952 |
|
|
|0 0
|1 0
|2 ddc
|4 0
|6 616_000000000000000_PRE
|7 0
|9 302053
|a LISK
|b LISK
|c BSC
|d 2021-01-17
|e 24
|f 0
|g 0.00
|l 0
|o 616 PRE
|p 92410031467
|r 2021-01-17 00:00:00
|t 1
|w 2021-01-17
|y BK15
|x 20070605 0 1
|x GrPaTEI
|
| 971 |
|
|
|a .b2669377x
|b 15-04-20
|c 26-09-16
|
| 999 |
|
|
|c 175581
|d 175581
|